| 000 | 00629nam a22001937a 4500 | ||
|---|---|---|---|
| 003 | OSt | ||
| 005 | 20230726124501.0 | ||
| 008 | 220915b |||||||| |||| 00| 0 eng d | ||
| 040 | _cBiblioteca Lado V | ||
| 082 |
_a708 _bS718i |
||
| 100 |
_aSoto, Jorge Francisco _9922 _eautor |
||
| 245 | _aInstalación/ | ||
| 260 |
_bMuseo Municipal de bEllas Artes Juan Manuel Blanes _c1995 |
||
| 300 |
_a12p. _c18x18cm |
||
| 650 |
_2Tesauro de Arte & Arquitectura _aCATALOGO |
||
| 650 |
_2Tesauro de Arte & Arquitectura _aARTE |
||
| 650 |
_2Tesauro de Arte & Arquitectura _aEXPOSICION |
||
| 942 |
_2ddc _c1 _h708 _iS718i _n0 |
||
| 999 |
_c4102 _d4102 |
||